Something for nothing (Record no. 74321)
[ view plain ]
| 000 -LEADER | |
|---|---|
| fixed length control field | 00810cab a2200205 4500 |
| 001 - CONTROL NUMBER | |
| control field | ABS67613 |
| 008 - FIXED-LENGTH DATA ELEMENTS--GENERAL INFORMATION | |
| fixed length control field | 040330n2004 000 0 eng u |
| 035 ## - SYSTEM CONTROL NUMBER | |
| System control number | (Sirsi) u125662 |
| 100 ## - MAIN ENTRY--PERSONAL NAME | |
| Personal name | Williams, A. |
| 245 ## - TITLE STATEMENT | |
| Title | Something for nothing |
| 260 ## - PUBLICATION, DISTRIBUTION, ETC. | |
| Date of publication, distribution, etc. | 2004 |
| 490 ## - SERIES STATEMENT | |
| Series statement | Architects' Journal |
| Volume/sequential designation | 219(4) 29 January 2004, 46(1) |
| 520 ## - SUMMARY, ETC. | |
| Summary, etc. | Reviews a new website which offers free CPD for construction professionals. Includes an international news section, articles and a guide to planning a personal CPD programme. The articles and exercises have accompanying CPD awards. The site is available at www.freecpd.co.uk. |
| 590 ## - LOCAL NOTE (RLIN) | |
| Local note | ABS |
| 650 ## - SUBJECT ADDED ENTRY--TOPICAL TERM | |
| Topical term or geographic name entry element | CPD |
| 650 ## - SUBJECT ADDED ENTRY--TOPICAL TERM | |
| Topical term or geographic name entry element | WEBSITES |
| 690 ## - LOCAL SUBJECT ADDED ENTRY--TOPICAL TERM (OCLC, RLIN) | |
| Topical term or geographic name as entry element | CAREERS, EDUCATION AND TRAINING |
| 856 ## - ELECTRONIC LOCATION AND ACCESS | |
| Uniform Resource Identifier | <a href="https://www.freecpd.co.uk">https://www.freecpd.co.uk</a> |
| Public note | View the FREECPD website... |
| 942 ## - ADDED ENTRY ELEMENTS (KOHA) | |
| Suppress in OPAC | 0 |
| Withdrawn status | Lost status | Source of classification or shelving scheme | Damaged status | Not for loan | Home library | Current library | Shelving location | Date acquired | Total Checkouts | Full call number | Barcode | Date last seen | Copy number | Price effective from | Koha item type |
|---|---|---|---|---|---|---|---|---|---|---|---|---|---|---|---|
| Dewey Decimal Classification | London | London | Journal article | 30/03/2004 | ABS67613 | 125662-1001 | 06/08/2019 | 1 | 06/08/2019 | Journal article |